000 00525nam a22001577a 4500
003 OSt
005 20151004103553.0
008 151004b xxu||||| |||| 00| 0 eng d
040 _cRUA
082 _aAGR SOK 2001 B026 Or.1
100 _91996
_aSOKUN, VISA;L
245 _aSituation of cashew nut in svay rieng province, ស្ថានភាពដំណាំស្វាយចន្ទីនៅខេត្តស្វុាយរៀង
260 _aPhnom Penh
_bRUA
_c2001
300 _a44p.
_bill.
_c29cm.
942 _2ddc
_cAGR
999 _c1884
_d1884